000 01359nam a2200373 i 4500
001 11909
003 KOSZ 005
005 20191016111604.0
008 070923s1969 pl a f f 000 0 pol
015 _aPB 1969/9220
040 _aWA N
_cKOSZ 005/RW
_dKOSZ 005/RW
_dKOSZ 005/HR
046 _k1969
080 _a621.31
080 _a(075.8)
100 1 _aZieliński, Zygmunt
_d(1929- )
_eAutor
245 1 0 _aMaszyny i urządzenia cieplne i energetyczne /
_cZygmunt Zieliński.
250 _aWyd. 3 zm.
260 _aWarszawa :
_bPaństwowe Wydawnictwo Szkolnictwa Zawodowego,
_c1969.
300 _a439, [1] s., [2] k. tabl. :
_bil. ;
_c25 cm.
380 _aKsiążki.
380 _aPublikacje dydaktyczne
385 _mPoziom nauczania
_aSzkoły zawodowe
388 _a1901-2000
500 _aPoprz. wyd. pt.: Budowa maszyn. Cz. 2: Maszyny i urządzenia energetyczno-cieplne.
504 _aBibliogr. s. [437].
521 8 _aDla kl. 4 i 5 techników mechanicznych.
658 _aInżynieria i technika
655 4 _aPodręczniki dla szkół zawodowych
650 4 _aMaszyny
650 4 _aKonstrukcje
710 2 _aPaństwowe Wydawnictwo Szkolnictwa Zawodowego
_4pbl.
856 _uhttp://koha.tu.koszalin.pl/cgi-bin/koha/opac-detail.pl?biblionumber=11909
_yKatalog online BPK
942 _2UKD
_cKS
999 _c11909
_d11909